[Event "IND-ch U13 Girls 35th"]
[Site "Puducherry"]
[Date "2022.12.16"]
[Round "9"]
[White "Shreya, G Hipparagi"]
[Black "Sanikommu, Manasvi"]
[Result "1-0"]
[WhiteElo "1526"]
[BlackElo "1375"]
[PlyCount "147"]
[EventDate "2022.12.11"]
[EventType "swiss"]
[EventRounds "11"]
[EventCountry "IND"]
[SourceTitle "EXT 2024"]
[Source "ChessBase"]
[SourceDate "2023.10.10"]
[SourceVersion "1"]
[SourceVersionDate "2023.10.10"]
[SourceQuality "1"]

1. e4 c5 2. Nf3 d6 3. d4 cxd4 4. Nxd4 Nf6 5. Nc3 g6 6. Be3 Bg7 7. f3 Nc6 8. Qd2 0-0 9. Bc4 Bd7 10. Bb3 Rc8 11. 0-0-0 Ne5 12. Kb1 Re8 13. h4 h5 14. g4 Nc4 15. Bxc4 Rxc4 16. g5 Nh7 17. Nd5 Nf8 18. Qd3 Rc8 19. Nb5 Bxb5 20. Qxb5 a6 21. Qd3 Nd7 22. Bd4 Nc5 23. Qe3 Bxd4 24. Rxd4 Ne6 25. Rd2 Qa5 26. f4 Qc5 27. Qb3 b5 28. Rhd1 Qc4 29. f5 Qxb3 30. axb3 Nc7 31. Nf4 Kg7 32. Rd3 a5 33. c4 bxc4 34. bxc4 Na8 35. Nd5 Rxc4 36. f6+ exf6 37. Nxf6 Rb8 38. Rxd6 Nb6 39. R1d4 Rxd4 40. Rxd4 Kf8 41. Rd7 Kg7 42. Rc7 Na4 43. Ka2 Nb6 44. Ka3 Nc8 45. e5 Ra8 46. b3 Kf8 47. Ka4 Ne7 48. Nd7+ Ke8 49. Nf6+ Kf8 50. Nd7+ Ke8 51. Nb6 Rd8 52. Kxa5 Nd5 53. Rc8 Rxc8 54. Nxc8 Ne3 55. b4 Kd7 56. Nd6 Ke6 57. b5 Kxe5 58. Nxf7+ Kf5 59. Nh8 Nc4+ 60. Ka6 Ne5 61. b6 Kg4 62. b7 Nd7 63. Nxg6 Kf5 64. Nf8 Nb8+ 65. Ka7 Nc6+ 66. Ka8 Kg4 67. g6 Kxh4 68. g7 Kh3 69. g8Q h4 70. Qe6+ Kh2 71. Qxc6 h3 72. b8Q+ Kg1 73. Qb2 Kf1 74. Qcc1# 1-0

[Event "IND-ch U13 Girls 35th"]
[Site "Puducherry"]
[Date "2022.12.15"]
[Round "8"]
[White "Sahana, Shainsha"]
[Black "Shreya, G Hipparagi"]
[Result "1/2-1/2"]
[WhiteElo "1276"]
[BlackElo "1526"]
[PlyCount "88"]
[EventDate "2022.12.11"]
[EventType "swiss"]
[EventRounds "11"]
[EventCountry "IND"]
[SourceTitle "EXT 2024"]
[Source "ChessBase"]
[SourceDate "2023.10.10"]
[SourceVersion "1"]
[SourceVersionDate "2023.10.10"]
[SourceQuality "1"]

1. c4 Nf6 2. Nc3 e6 3. e4 d5 4. e5 d4 5. exf6 dxc3 6. bxc3 gxf6 7. d4 Nc6 8. Nf3 b6 9. Be2 Bb7 10. 0-0 Qd7 11. Be3 0-0-0 12. Qc2 Na5 13. Nd2 f5 14. f3 h5 15. a4 c5 16. Nb3 Nxb3 17. Qxb3 Bh6 18. Bf2 Qc7 19. Bg3 Be3+ 20. Kh1 f4 21. Bh4 Rd7 22. Bf6 Rh6 23. Be5 Qc6 24. Bd3 cxd4 25. Bg7 Rg6 26. Bxg6 fxg6 27. Bxd4 Ba6 28. Rfd1 Bxc4 29. Qc2 g5 30. Be5 Rxd1+ 31. Rxd1 g4 32. Rd6 Qc5 33. Qh7 Qxe5 34. Rc6+ Kd8 35. Qg8+ Ke7 36. Qh7+ Kd8 37. Rxc4 gxf3 38. gxf3 Bc5 39. Qg8+ Ke7 40. Re4 Qd5 41. Qg7+ Ke8 42. Qg8+ Ke7 43. Qg7+ Ke8 44. Qg8+ Ke7 1/2-1/2

[Event "IND-ch U15 Girls 38th"]
[Site "New Delhi"]
[Date "2022.12.03"]
[Round "9"]
[White "Shreya, G Hipparagi"]
[Black "Mishka, Mathur"]
[Result "1/2-1/2"]
[WhiteElo "1513"]
[BlackElo "1268"]
[PlyCount "100"]
[EventDate "2022.11.28"]
[EventType "swiss"]
[EventRounds "11"]
[EventCountry "IND"]
[SourceTitle "CBM 211 Extra"]
[Source "ChessBase"]
[SourceDate "2023.01.31"]
[SourceVersion "1"]
[SourceVersionDate "2023.01.31"]
[SourceQuality "1"]

1. e4 e5 2. Nf3 Nc6 3. Bc4 Bc5 4. c3 Nf6 5. d3 h6 6. h3 d6 7. Be3 Bb6 8. 0-0 0-0 9. Nbd2 Be6 10. Bb5 Ne7 11. Re1 Nh7 12. Bc4 Kh8 13. d4 exd4 14. cxd4 d5 15. Bd3 dxe4 16. Bxe4 c6 17. Nb3 Nf6 18. Bc2 Ned5 19. Qd2 Re8 20. Bxh6 g6 21. Bg5 Kg7 22. Bh6+ Kg8 23. Ne5 Nh7 24. Rad1 Ne7 25. g4 Bxb3 26. Bxb3 Nd5 27. Qd3 Qd6 28. Qf3 Re7 29. Nc4 Rxe1+ 30. Rxe1 Qf6 31. Qxf6 Nhxf6 32. Nxb6 axb6 33. Bg5 Re8 34. Rxe8+ Nxe8 35. Bxd5 cxd5 36. Bd8 b5 37. Kf1 f6 38. Ke2 Kf7 39. Kd3 Ke6 40. h4 f5 41. f3 fxg4 42. fxg4 Nd6 43. Kc3 Kd7 44. Bg5 Ne4+ 45. Kb4 Kc6 46. Bf4 Nf2 47. Kc3 Nxg4 48. Kd3 Kd7 49. Ke2 Ke6 50. Bg5 Nf6 1/2-1/2

[Event "IND-ch U15 Girls 38th"]
[Site "New Delhi"]
[Date "2022.12.02"]
[Round "7"]
[White "Shreya, G Hipparagi"]
[Black "Asudani, Ruhani Raj"]
[Result "1-0"]
[WhiteElo "1513"]
[BlackElo "1201"]
[PlyCount "123"]
[EventDate "2022.11.28"]
[EventType "swiss"]
[EventRounds "11"]
[EventCountry "IND"]
[SourceTitle "CBM 211 Extra"]
[Source "ChessBase"]
[SourceDate "2023.01.31"]
[SourceVersion "1"]
[SourceVersionDate "2023.01.31"]
[SourceQuality "1"]

1. e4 c5 2. Nf3 d6 3. d4 cxd4 4. Nxd4 Nf6 5. Nc3 a6 6. Be2 e6 7. Be3 Be7 8. 0-0 0-0 9. f4 Nc6 10. Bf3 Qc7 11. Qe1 Nxd4 12. Bxd4 e5 13. Be3 exf4 14. Bd4 Be6 15. Be2 d5 16. Bd3 dxe4 17. Nxe4 Nxe4 18. Qxe4 g6 19. Rxf4 Bd6 20. Rh4 Bf5 21. Rxh7 f6 22. Rxc7 Bxe4 23. Rd7 Bxd3 24. cxd3 Be5 25. Bxe5 fxe5 26. Rxb7 Rfd8 27. Rb3 Rab8 28. Rxb8 Rxb8 29. b3 Rd8 30. Re1 Rd5 31. Kf2 Kf7 32. Ke3 Ke6 33. Rc1 Kf5 34. Rc6 Ra5 35. a4 g5 36. h3 g4 37. hxg4+ Kxg4 38. Ke4 Kg3 39. Rg6+ Kh2 40. g4 Kh3 41. g5 Kh4 42. Re6 Kxg5 43. Rxe5+ Rxe5+ 44. Kxe5 Kg6 45. Ke6 Kg7 46. Ke7 Kg6 47. d4 Kf5 48. d5 Ke4 49. d6 Kd3 50. d7 Kc3 51. d8Q Kxb3 52. a5 Ka4 53. Qb6 Ka3 54. Qxa6 Kb4 55. Qb6+ Kc4 56. Qd6 Kb3 57. a6 Kc3 58. a7 Kb3 59. a8Q Kc4 60. Qa2+ Kb5 61. Qb3+ Ka5 62. Qda3# 1-0

[Event "IND-ch U15 Girls 38th"]
[Site "New Delhi"]
[Date "2022.11.29"]
[Round "2"]
[White "Hiya, Garg"]
[Black "Shreya, G Hipparagi"]
[Result "0-1"]
[WhiteElo "1092"]
[BlackElo "1513"]
[PlyCount "118"]
[EventDate "2022.11.28"]
[EventType "swiss"]
[EventRounds "11"]
[EventCountry "IND"]
[SourceTitle "CBM 211 Extra"]
[Source "ChessBase"]
[SourceDate "2023.01.31"]
[SourceVersion "1"]
[SourceVersionDate "2023.01.31"]
[SourceQuality "1"]

1. d4 Nf6 2. Bg5 e6 3. e4 h6 4. Bxf6 Qxf6 5. Nf3 d5 6. Nbd2 g5 7. c3 Nd7 8. h3 c6 9. Bd3 b6 10. exd5 exd5 11. Qe2+ Kd8 12. Nf1 Bd6 13. Ne3 Nf8 14. 0-0-0 Ne6 15. Ng4 Qe7 16. Nge5 Bb7 17. g3 Re8 18. Qc2 Kc7 19. Rde1 Rac8 20. h4 Qf6 21. Re3 c5 22. Qa4 Re7 23. Ng4 Qg7 24. hxg5 cxd4 25. Nxd4 Nxd4 26. Rxe7+ Bxe7 27. Qxd4 Qxg5+ 28. Qe3 d4 29. Qxg5 Bxg5+ 30. f4 Bxh1 31. fxg5 hxg5 32. Ne5 f6 33. Ng4 dxc3 34. bxc3 Kd6 35. Kb2 Ke7 36. Nh6 Rd8 37. Nf5+ Ke6 38. Nd4+ Ke5 39. Be2 Rh8 40. a3 f5 41. Kc2 Rh2 42. Kd1 Rh3 43. Nb5 Rxg3 44. Kd2 f4 45. Nxa7 f3 46. Bf1 Rg1 47. Bh3 Bg2 48. Nc6+ Kf4 49. Bc8 f2 50. Ba6 Bxc6 51. Be2 g4 52. c4 g3 53. a4 g2 54. c5 f1Q 55. cxb6 Qc1+ 56. Kd3 Rd1+ 57. Bxd1 Qxd1+ 58. Kc4 g1Q 59. b7 Qgd4# 0-1

[Event "IND-ch U14 Girls 34th"]
[Site "Ahmedabad"]
[Date "2022.05.13"]
[Round "10"]
[White "Debapriya, Manna"]
[Black "Shreya, G Hipparagi"]
[Result "1/2-1/2"]
[WhiteElo "1384"]
[BlackElo "1548"]
[PlyCount "80"]
[EventDate "2022.05.09"]
[EventType "swiss"]
[EventRounds "11"]
[EventCountry "IND"]
[SourceTitle "EXT 2023"]
[Source "ChessBase"]
[SourceDate "2022.10.05"]
[SourceVersion "1"]
[SourceVersionDate "2022.10.05"]
[SourceQuality "1"]

1. c4 e6 2. g3 Nf6 3. Bg2 d5 4. d4 Be7 5. Nc3 0-0 6. Nf3 c6 7. 0-0 Nbd7 8. b3 Re8 9. Bb2 b6 10. Rc1 Ba6 11. Nd2 Rc8 12. Re1 Bb4 13. e4 dxc4 14. Nxc4 e5 15. Nxe5 Nxe5 16. dxe5 Rxe5 17. a3 Bxc3 18. Bxc3 Re8 19. Qxd8 Rexd8 20. Bh3 Rc7 21. Be5 Re7 22. Bxf6 gxf6 23. Rxc6 Bb7 24. Rxf6 Rd3 25. Re3 Rd1+ 26. Kg2 Rxe4 27. Rxe4 Bxe4+ 28. f3 Bd3 29. Bc8 Rb1 30. b4 Ra1 31. Rd6 Rxa3 32. Bb7 Ra2+ 33. Kg1 Bc4 34. Bd5 Bxd5 35. Rxd5 Ra4 36. b5 Ra5 37. Rd7 Rxb5 38. Rxa7 Rb2 39. Rb7 b5 40. h4 b4 1/2-1/2

[Event "IND-ch U14 Girls 34th"]
[Site "Ahmedabad"]
[Date "2022.05.10"]
[Round "4"]
[White "Anagha, KGR"]
[Black "Shreya, G Hipparagi"]
[Result "0-1"]
[WhiteElo "1288"]
[BlackElo "1548"]
[PlyCount "116"]
[EventDate "2022.05.09"]
[EventType "swiss"]
[EventRounds "11"]
[EventCountry "IND"]
[SourceTitle "EXT 2023"]
[Source "ChessBase"]
[SourceDate "2022.10.05"]
[SourceVersion "1"]
[SourceVersionDate "2022.10.05"]
[SourceQuality "1"]

1. d4 Nf6 2. Bf4 g6 3. e3 Bg7 4. Nf3 0-0 5. c4 d5 6. Nc3 c6 7. Be2 Nbd7 8. h3 dxc4 9. Bxc4 Nb6 10. Be2 Nbd5 11. Be5 Bf5 12. Bd3 Bxd3 13. Qxd3 Qb6 14. Qd2 Nxc3 15. Qxc3 Ne4 16. Qc2 Qa5+ 17. Ke2 Qb5+ 18. Ke1 Bxe5 19. Nxe5 Nf6 20. Qe2 Qd5 21. Kf1 c5 22. Nf3 Rfd8 23. Kg1 Rac8 24. Kh2 Qe4 25. Rhd1 cxd4 26. Nxd4 Rd5 27. Re1 Rdc5 28. Rad1 Qe5+ 29. Kg1 Qc7 30. b4 Rc4 31. a3 e5 32. Nb3 b6 33. Rc1 Ne4 34. Rxc4 Qxc4 35. Qxc4 Rxc4 36. Rc1 Rxc1+ 37. Nxc1 Kf8 38. Nd3 f6 39. Kf1 Ke7 40. f3 Nd2+ 41. Kf2 Ke6 42. Nb2 Kd5 43. a4 Nc4 44. Nd1 Na3 45. Nb2 Nc2 46. b5 Kc5 47. Ke2 Kb4 48. Kd2 Na3 49. f4 Nc4+ 50. Nxc4 Kxc4 51. g4 exf4 52. exf4 f5 53. gxf5 gxf5 54. Ke3 Kc3 55. Kf2 Kd4 56. Kf3 Kd3 57. h4 h5 58. Kg3 Ke3 0-1

[Event "IND-ch U12 Girls"]
[Site "Srinivasapura"]
[Date "2022.04.14"]
[Round "11"]
[White "Shreya, G Hipparagi"]
[Black "Saparya, Ghosh"]
[Result "1/2-1/2"]
[WhiteElo "1552"]
[BlackElo "1390"]
[PlyCount "98"]
[EventDate "2022.04.09"]
[EventType "swiss"]
[EventRounds "11"]
[EventCountry "IND"]
[SourceTitle "EXT 2023"]
[Source "ChessBase"]
[SourceDate "2022.10.05"]
[SourceVersion "1"]
[SourceVersionDate "2022.10.05"]
[SourceQuality "1"]

1. e4 d5 2. exd5 Qxd5 3. Nc3 Qd8 4. d4 c6 5. Nf3 Bf5 6. Bc4 e6 7. 0-0 Nf6 8. h3 Bd6 9. Re1 0-0 10. Nh4 Bg6 11. Nxg6 hxg6 12. Bg5 Nbd7 13. Ne4 Be7 14. Bxf6 Nxf6 15. Nxf6+ Bxf6 16. c3 Re8 17. Qf3 Qd6 18. Re4 Bd8 19. Rae1 Bc7 20. g3 Qd7 21. h4 Bd6 22. h5 gxh5 23. Qxh5 g6 24. Qh6 Bf8 25. Qf4 Bg7 26. Kg2 Rad8 27. Qh4 b5 28. Bb3 Qe7 29. Qh3 c5 30. Kg1 cxd4 31. Rxe6 Qf8 32. cxd4 a5 33. Rxe8 Rxe8 34. Rxe8 Qxe8 35. Qg4 Qc6 36. Qf4 Qd7 37. a3 Bxd4 38. Bxf7+ Kg7 39. Be6 Bxf2+ 40. Qxf2 Qxe6 41. Kh2 Qf6 42. Qa7+ Kh6 43. Qe3+ Kh7 44. Qd2 Qb6 45. Kh3 a4 46. g4 Qc6 47. Kg3 Qc7+ 48. Qf4 Qxf4+ 49. Kxf4 Kh6 1/2-1/2

[Event "Eastern Asia-ch U12 Girls"]
[Site "Tornelo INT"]
[Date "2021.10.24"]
[Round "9"]
[White "Yousefian, Maedeh"]
[Black "Shreya, G Hipparagi"]
[Result "1-0"]
[WhiteElo "1418"]
[BlackElo "1083"]
[PlyCount "95"]
[EventDate "2021.10.22"]
[EventType "swiss"]
[EventRounds "9"]
[EventCountry "NET"]
[SourceTitle "EXT 2023"]
[Source "ChessBase"]
[SourceDate "2022.10.05"]
[SourceVersion "1"]
[SourceVersionDate "2022.10.05"]
[SourceQuality "1"]

1. e4 e5 2. Bc4 Bc5 3. Nf3 Nc6 4. d3 Nf6 5. Nc3 d6 6. Bg5 h6 7. Bh4 g5 8. Bg3 Bg4 9. h3 Bh5 10. Bb5 a6 11. Bxc6+ bxc6 12. Qe2 Rb8 13. Na4 Ba7 14. b3 Bg6 15. h4 g4 16. Nh2 h5 17. f3 Qd7 18. Bf2 Bxf2+ 19. Qxf2 c5 20. fxg4 Nxg4 21. Nxg4 Qxg4 22. Nc3 c6 23. Qf6 Kd7 24. 0-0 Rhg8 25. Rf2 Rbe8 26. Nd1 Re6 27. Qg5 Qxg5 28. hxg5 d5 29. Nc3 Kd6 30. Re1 h4 31. Kh2 Bh5 32. Rf5 d4 33. Na4 Reg6 34. Rxf7 Rxg5 35. Rf6+ Ke7 36. Rf2 Kd6 37. Rg1 h3 38. g3 Bg4 39. Nb2 Ke6 40. Rgf1 R5g6 41. Nc4 R8g7 42. Rf8 Be2 43. R1f5 Bd1 44. Rxe5+ Kd7 45. Rxc5 Rxg3 46. Ne5+ Kd6 47. Rxc6+ Kxe5 48. Rf5# 1-0

[Event "Wch FIDE Online U10 Girls"]
[Site "Tornelo INT"]
[Date "2020.12.19"]
[Round "1.2"]
[White "Merkulova, Viktoria"]
[Black "Shreya, G Hipparagi"]
[Result "0-1"]
[WhiteElo "1559"]
[BlackElo "1273"]
[PlyCount "184"]
[EventDate "2020.12.19"]
[EventType "k.o. (rapid)"]
[EventRounds "4"]
[EventCountry "ISS"]
[SourceTitle "EXT 2022"]
[Source "ChessBase"]
[SourceDate "2021.10.06"]
[SourceVersion "1"]
[SourceVersionDate "2021.10.06"]
[SourceQuality "1"]

1. e4 e5 2. Nf3 Nc6 3. Bb5 a6 4. Ba4 Nf6 5. 0-0 d6 6. c3 Bg4 7. h3 Bh5 8. Re1 Be7 9. d3 h6 10. Nbd2 b5 11. Bb3 Na5 12. Bc2 c5 13. Nf1 Nc6 14. Ng3 Bxf3 15. Qxf3 g6 16. Be3 h5 17. Qd1 h4 18. Ne2 Nh5 19. d4 c4 20. b3 cxb3 21. Bxb3 Rc8 22. a4 Bg5 23. Qd2 Bxe3 24. Qxe3 0-0 25. Rad1 Qf6 26. axb5 axb5 27. Bd5 Ne7 28. Bb3 Nc6 29. Qd3 Rb8 30. dxe5 dxe5 31. Bd5 Ne7 32. Rb1 Qb6 33. Ba2 Rfd8 34. Qf3 Qf6 35. Qe3 Qb6 36. Qh6 Rd6 37. Qg5 Rf6 38. Qxh4 Qc6 39. Rb4 Qd6 40. Qg5 Nc6 41. Rbb1 b4 42. c4 Na5 43. Qe3 Qc7 44. Rec1 Rfb6 45. c5 Rb5 46. Bd5 Nf6 47. Ng3 Qe7 48. Kh2 b3 49. Qc3 b2 50. Bc4 bxc1Q 51. Rxc1 Nxc4 52. Qxc4 Nh5 53. Nxh5 gxh5 54. c6 Rb4 55. c7 Rc8 56. Qc6 Qe6 57. Qc5 Rb7 58. g3 Rbxc7 59. Qxc7 Rxc7 60. Rxc7 Qb6 61. Rc2 Qd4 62. Re2 Qd3 63. Re3 Qd2 64. Kg2 Kg7 65. h4 Kg6 66. Rf3 Qd4 67. Re3 f5 68. exf5+ Kxf5 69. Rf3+ Kg6 70. Re3 e4 71. Kh2 Kf5 72. Kg2 Qc4 73. Ra3 Qc2 74. Ra5+ Ke6 75. Ra3 Kd5 76. Re3 Kd4 77. Ra3 Qd1 78. Re3 Qd2 79. Ra3 Qc1 80. Rb3 Qc2 81. Re3 Qd3 82. Rxd3+ exd3 83. Kf1 Kc3 84. f4 d2 85. Ke2 Kc2 86. f5 d1Q+ 87. Ke3 Qg4 88. f6 Qxg3+ 89. Ke4 Qxh4+ 90. Kf5 Qxf6+ 91. Kxf6 h4 92. Kg5 h3 0-1

[Event "Wch FIDE Online U10 Girls"]
[Site "Tornelo INT"]
[Date "2020.12.19"]
[Round "1.1"]
[White "Shreya, G Hipparagi"]
[Black "Merkulova, Viktoria"]
[Result "1-0"]
[WhiteElo "1273"]
[BlackElo "1559"]
[PlyCount "151"]
[EventDate "2020.12.19"]
[EventType "k.o. (rapid)"]
[EventRounds "4"]
[EventCountry "ISS"]
[SourceTitle "EXT 2022"]
[Source "ChessBase"]
[SourceDate "2021.10.06"]
[SourceVersion "1"]
[SourceVersionDate "2021.10.06"]
[SourceQuality "1"]

1. e4 c5 2. Nf3 a6 3. d4 cxd4 4. Nxd4 Nf6 5. Nc3 e5 6. Nb3 Bb4 7. Bg5 Nc6 8. Bd3 h6 9. Bh4 0-0 10. 0-0 Be7 11. Kh1 d6 12. Bg3 Be6 13. f4 Ng4 14. Qd2 Bh4 15. Qe1 Be7 16. f5 Bxb3 17. axb3 Nd4 18. h3 Nf6 19. Bh4 Rc8 20. Bxf6 Bxf6 21. Qf2 Bg5 22. Nd5 Rc6 23. Ra3 Bf6 24. c3 Nb5 25. Bxb5 axb5 26. Rfa1 Rc8 27. Qa7 Rb8 28. Qb6 Qxb6 29. Nxb6 Rfd8 30. Nd5 Kf8 31. Ra5 Bg5 32. Rxb5 Ra8 33. Rba5 Rxa5 34. Rxa5 Rc8 35. Ra7 Rb8 36. g3 Bd8 37. Kg2 Ke8 38. b4 Kd7 39. b5 f6 40. Kf3 Ke8 41. c4 Kf8 42. Ke2 Ke8 43. Kd3 Kf8 44. b4 Be7 45. Nb6 Ke8 46. Ra8 Rxa8 47. Nxa8 Bd8 48. c5 Kd7 49. Kc4 dxc5 50. bxc5 Kc8 51. Kd5 Kb8 52. Nb6 Kc7 53. Nc4 Kd7 54. Nd6 b6 55. c6+ Ke7 56. Nc8+ Ke8 57. Ke6 Bc7 58. Nd6+ Kd8 59. Nc4 Ke8 60. g4 Kd8 61. Kf7 Kc8 62. Ke7 Bd8+ 63. Ke8 Bc7 64. Kf7 Bd8 65. Kxg7 Kc7 66. Kf7 Kb8 67. Nd6 Bc7 68. Ne8 Bd8 69. Nxf6 Bxf6 70. Kxf6 h5 71. Kxe5 hxg4 72. f6 gxh3 73. f7 h2 74. f8Q+ Ka7 75. Qe7+ Kb8 76. Qb7# 1-0

[Event "Wch FIDE Online U10 Girls Asia qual"]
[Site "Tornelo INT"]
[Date "2020.12.13"]
[Round "6"]
[White "Shreya, G Hipparagi"]
[Black "Kaliakhmet, Elnaz"]
[Result "1-0"]
[WhiteElo "1273"]
[BlackElo "1426"]
[PlyCount "173"]
[EventDate "2020.12.11"]
[EventType "swiss (rapid)"]
[EventRounds "7"]
[EventCountry "ISS"]
[SourceTitle "EXT 2022"]
[Source "ChessBase"]
[SourceDate "2021.10.06"]
[SourceVersion "1"]
[SourceVersionDate "2021.10.06"]
[SourceQuality "1"]

1. e4 c5 2. Nf3 e6 3. d4 cxd4 4. Nxd4 a6 5. Nc3 Qc7 6. a3 b5 7. Be2 Bb7 8. f3 Nf6 9. Be3 d5 10. exd5 Nxd5 11. Nxd5 Bxd5 12. 0-0 Bd6 13. f4 Bc5 14. Bf3 Qb7 15. Bxd5 Qxd5 16. Bf2 0-0 17. Nf3 Bxf2+ 18. Rxf2 Qb7 19. Rd2 Nc6 20. Rd7 Qb6+ 21. Kh1 Rfd8 22. Ng5 Rxd7 23. Qxd7 Rf8 24. Rd1 h6 25. Rd6 Qf2 26. Nf3 Qf1+ 27. Ng1 Na5 28. Rd1 Qc4 29. Qd2 Nc6 30. Nf3 Rd8 31. Qc1 Rxd1+ 32. Qxd1 Qxf4 33. h3 Ne5 34. Nd4 Nc4 35. b3 Ne3 36. Qd3 Nf5 37. Nc6 Ng3+ 38. Kg1 Qc1+ 39. Kf2 Nf5 40. g4 Qf4+ 41. Ke2 Ng3+ 42. Ke1 Ne4 43. Nd4 Qf2+ 44. Kd1 Qg1+ 45. Ke2 Ng3+ 46. Kd2 Qg2+ 47. Kc3 Ne4+ 48. Kb2 Nc5 49. Qc3 Qd5 50. Qe3 Nd7 51. Qd3 Ne5 52. Qc3 Ng6 53. Nc6 Qd7 54. Ne5 Nxe5 55. Qxe5 Qd5 56. Qxd5 exd5 57. Kc3 g6 58. Kd4 f5 59. gxf5 gxf5 60. Kxd5 Kg7 61. Ke5 Kg6 62. Kf4 Kf6 63. h4 h5 64. c3 a5 65. c4 a4 66. bxa4 bxc4 67. a5 c3 68. Ke3 c2 69. Kd2 f4 70. Kxc2 f3 71. Kd2 Kf5 72. Ke3 Kg4 73. Kf2 Kxh4 74. a6 Kg4 75. a7 h4 76. a8Q h3 77. Qxf3+ Kg5 78. Qxh3 Kf4 79. Qh4+ Ke5 80. Ke3 Kf5 81. Qh5+ Ke6 82. Kd4 Kd6 83. Qh6+ Kd7 84. Kd5 Ke7 85. Qg7+ Kd8 86. Kd6 Kc8 87. Qc7# 1-0